Will & Grace Guest Characters - Statistics

General Stats
  • This quiz has been taken 13 times
  • The average score is 4 of 12
Answer Stats
Picture Answer % Correct
Smitty
64%
Bobbi Adler
55%
Beverley Leslie
45%
Elliot
45%
Fannie Lieber
27%
Lorraine Finster
27%
Marilyn Truman
27%
Amber-Louise
18%
Marvin "Leo" Markus
18%
Rosario Salazar
18%
Malcolm Widmark
9%
Vince D'Angelo
9%
No matching quizzes found
Score Distribution
Percent of People with Each Score
Percentile by Number Answered
Your Score History
You have not taken this quiz